000 00804nam a22002297a 4500
001 5030
003 FISKH
005 20241101105436.0
008 241101b cb ||||| |||| 00| 0 eng d
020 _a9780395618387
040 _aFISKH
_beng
_cFISKH
_dFISKH
050 _aQH197.G445
082 _a574.92
100 _aGilbreath, Alice
245 _aThe Great Barrier Reef :
_bA Treasure in the Sea /
_cby Alice Gilbreath
260 _aBoston :
_bHoughton Mifflin Company ;
_c1986 .
300 _a103 pages :
_bcolor illustrations ;
_c23 cm .
520 _aDescribes the largest reef on earth, its construction by billions of coral animals, life on the reef, and its human visitors from Captain Cook to today's scuba divers.
650 _abiomes
_vnon-fiction
942 _2ddc
_cBK
_n0
999 _c5030
_d5030